José Martí: su concepto de democracia en el Partido Revolucionario Cubano /
En 1982 se constituye el Partido Revolucionario Cubano concebido por José Martí como el instrumento político necesario para organizar y conducir la guerra definitiva contra el colonialismo español y crear las bases para una república democrática en Cuba. Aquí se analizan algunos conceptos de Martí a...
Сохранить в:
| Главный автор: | |
|---|---|
| Формат: | Текст |
| Предметы: | |
| Метки: |
Добавить метку
Нет меток, Требуется 1-ая метка записи!
|
MARC
| LEADER | 00000 a a2200000 04500 | ||
|---|---|---|---|
| 001 | 14574 | ||
| 003 | |||
| 040 | |||
| 100 | |a Ortega Paredes, Juan José | ||
| 245 | |a José Martí: |b su concepto de democracia en el Partido Revolucionario Cubano / |c Juan José Ortega Paredes | ||
| 520 | |a En 1982 se constituye el Partido Revolucionario Cubano concebido por José Martí como el instrumento político necesario para organizar y conducir la guerra definitiva contra el colonialismo español y crear las bases para una república democrática en Cuba. Aquí se analizan algunos conceptos de Martí acerca de los principios democráticos indispensables en ese proceso | ||
| 590 | |a RRH/062010 | ||
| 650 | |a JOSE MARTI | ||
| 650 | |a PARTIDO REVOLUCIONARIO CUBANO | ||
| 650 | |a MOVIMIENTOS DE LIBERACI0N NACIONAL | ||
| 650 | |a DEMOCRACIA | ||
| 650 | |a INDEPENDENCIA | ||
| 650 | |a GUERRA | ||
| 650 | |a CUBA | ||
| 773 | |g número 115; páginas 95-101 | ||
| 999 | |c 25326 |d 25326 | ||
| 773 | 0 | |0 18728 |9 3028 |a Universidad de Costa Rica |d San José, Costa Rica Editorial UCR 1956- |o 06316 |t Revista de Ciencias Sociales/ |x 04825276 | |
